| 000 | 02510nam a2200301 a 4500 | ||
|---|---|---|---|
| 001 | 000026772 | ||
| 005 | 20260305073951.0 | ||
| 008 | 110325s1986 dr 000 0 spa d | ||
| 040 |
_aDO-SdBNP _bspa _cBNPHU |
||
| 082 |
_a330.917293 _bF745e |
||
| 110 | 2 |
_aFORUM _98563 |
|
| 245 | 1 | 0 |
_aEstrategias de reactivación económica para la República Dominicana / _ceditor Frank Moya Pons. |
| 260 |
_aSanto Domingo : _bFORUM, _c1986. _fAmigo del Hogar, |
||
| 300 |
_a235, [4] p. ; _c23 cm. |
||
| 490 | 1 |
_aFORUM _v23 |
|
| 504 | _aIncluye bibliografía y notas al pie de páginas. | ||
| 505 | 0 |
_gPresentación -- _tIntroducción / _rFrank Moya Pons -- _tUna evaluación del programa de ajuste en la República Dominicana / _rOrlando Haza -- _tLas políticas de ajuste en América Latina / _rCarlos Massad -- _tPerspectivas y retos de nuestra economía / _rHugo Giuliani Cury -- _tLa conversión de la deuda en inversión: una posible salida / _rAndrés Dauhajre, hijo -- _tCrisis, ajuste y reactivación económica / _rAndrés Bianchi -- _gDebate -- _tLa crisis de la deuda: un enfoque marginal / _rFrank Marino Hernández -- _tEl tratamiento de una agenda de política social para la crisis / _rFrancisco León -- _gDebate -- _tEl sector industrial y la reactivación económica de la República Dominicana / _rGeorge Arzeno Brugal -- _gDebate -- _tEl ambiente económico para el desarrollo de la agricultura. El caso de la República Dominicana / _rEwald Goetz -- _gDebate -- _tLa reactivación económica y el reto tecnológico agropecuario dominicano / _rLuis Crouch -- _gDebate -- _tEstrategias y políticas para el crecimiento del comercio exterior / _rRoberto Saladín -- _gDebate. |
|
| 520 | _aRecoge las exposiciones que fueron presentadas en el Encuentro "Reactivación Económica para la República Dominicana", celebrado por FORUM, en el Hotel Santo Domingo Sur, el sábado 5 de julio de 1986. | ||
| 590 | _aInventariado, 2018/ YL | ||
| 650 | 4 |
_aCrecimiento económico _xCongresos, conferencias, etc. _97950 |
|
| 650 | 4 |
_aPotencial de crecimiento _yREPÚBLICA DOMINICANA _xCongresos, conferencias, etc. _97949 |
|
| 650 | 4 |
_aDesarrollo económico _zRepública Dominicana _xCongresos, conferencias, etc. _97948 |
|
| 651 | 4 |
_aRepública Dominicana _xCondiciones Económicas _xCongresos, Conferencias, Etc. _98547 |
|
| 651 | 4 |
_aRepública Dominicana _xPolítica Económica _xCongresos, Conferencias, Etc. _912065 |
|
| 700 | 1 |
_aMoya Pons, Frank, _d1944- _eed. _92095 |
|
| 830 | 0 |
_aFORUM _v23 _97431 |
|
| 910 | _aValidado. Control de calidad EMS | ||
| 999 |
_c26264 _d26264 |
||